Bienvenue à la Médiathèque de Saint-Andiol
banniere
Accueil Recherche avancée Mon compte
handi1 Rechercher dans le catalogue

Filtre   Mots-clés
  Recherche avancée
 
Lister les dernières nouveautés
 
Lister les livres GROS CARACTERES
 
Lister les périodiques (magazines)

handi1 Quand j'étais petit ânon

Book Cover
Auteur principal : Emmanuel Guibert
Autres auteurs : Marc Boutavant
Titre : Quand j'étais petit ânon
Support : Livres
Langue : Francais
Publié : DL 2025 Bayard Jeunesse Paris
Series : Ariol
Genre : Bande Dessinée (enfants)
Collection : Ariol
Sujets :
Étiquettes :
Pas de tags
LEADER 00895nam0a2200229 450
001 16868356
010 |a 979-10-363-8510-0  |b br.  |d 13,2 € 
100 |a 20260529d2026 u u0frey01 ba 
101 0 |a fre 
102 |a FR 
200 0 |a Quand j'étais petit ânon  |f Emmanuel Guibert, Marc Boutavant  |g couleurs et lettrage, Rémi Chaurand 
207 1 |a   
210 |a Paris  |c Bayard Jeunesse  |d DL 2025 
215 |a 1 vol. (124 p.)  |c ill. en coul.  |d 21 cm 
225 1 |a Ariol  |v 21 
330 |a Ariol revient dans un tome 21 drôle et touchant, où l'on découvre notamment l'histoire de la naissance du petit âne bleu à lunettes. 
461 0 |t Ariol  |v 21 
700 0 |a Guibert  |b Emmanuel  |f 1964-....  |4 70 
701 0 |a Boutavant  |b Marc  |f 1970-....  |4 70 
900 |a Bande Dessinée (enfants) 
901 |a Jeunesse 
995 |a Médiathèque  |c Médiathèque  |f 089021914  |h 089021914  |k BD ARI  |o p  |q j  |r az  |e Médiathèque